000 00859nam a2200325Ia 4500
001 57323
003 IT-RoPAU
008 130308s9999 xx 000 0 und d
040 _aIT-RoPAU
040 _cIT-RoPAU
041 _aFRANCESE
100 _aBrugmann Karl
100 _gCodice Aut. SPICS: 20971
245 _aRecherches morphologiques
245 _bGenese de la Pensee Linguistique
250 _a1a ed.
260 _aPARIS
260 _bColin Armand
260 _c1973 [1° Ed.:1973 - Ed.Ling.Originale:1879]
300 _a"12 p. (prefazione: no ; testo: 12 [pagine: 127-138])"
500 _aRicerche Morfologiche Sulla Lingua
650 _aLINGUISTICA
650 _eCodice materia Spics: 3201
700 _aOsthoff Hermann
700 _gCodice Aut. SPICS: 20972
942 _cBK
957 _71
999 _c39504
_d39504
999 _bSI
999 _g1